[Event "1st 4NCL Easter Congress"]
[Site "Stevenage"]
[Date "2019.04.22"]
[Round "6"]
[Board "4"]
[White "Walker, Martin G"]
[Black "Richardson, John R"]
[Result "1/2-1/2"]
[WhiteElo "2166"]
[BlackElo "2243"]
[PlyCount "0"]
[EventDate "2019.04.19"]
[EventRounds "7"]
[EventCountry "ENG"]

1. e4 {[%clk 01:30:57]} {[%emt 00:00:03]} c6 {[%clk 01:29:36]} {[%emt
00:01:25]} 2. d4 {[%clk 01:31:21]} {[%emt 00:00:05]} d5 {[%clk 01:30:03]}
{[%emt 00:00:03]} 3. exd5 {[%clk 01:31:45]} {[%emt 00:00:05]} cxd5 {[%clk
01:30:32]} {[%emt 00:00:02]} 4. c4 {[%clk 01:32:08]} {[%emt 00:00:07]} Nf6
{[%clk 01:30:59]} {[%emt 00:00:04]} 5. Nc3 {[%clk 01:32:33]} {[%emt 00:00:05]}
Nc6 {[%clk 01:31:25]} {[%emt 00:00:04]} 6. Nf3 {[%clk 01:32:45]} {[%emt
00:00:18]} Bg4 {[%clk 01:31:24]} {[%emt 00:00:31]} 7. cxd5 {[%clk 01:33:09]}
{[%emt 00:00:06]} Nxd5 {[%clk 01:31:52]} {[%emt 00:00:02]} 8. Qb3 {[%clk
01:33:32]} {[%emt 00:00:07]} Bxf3 {[%clk 01:31:43]} {[%emt 00:00:39]} 9. gxf3
{[%clk 01:33:55]} {[%emt 00:00:06]} e6 {[%clk 01:30:41]} {[%emt 00:01:33]} 10.
Qxb7 {[%clk 01:33:35]} {[%emt 00:00:51]} Nxd4 {[%clk 01:30:59]} {[%emt
00:00:12]} 11. Bb5+ {[%clk 01:34:02]} {[%emt 00:00:03]} Nxb5 {[%clk 01:31:22]}
{[%emt 00:00:07]} 12. Qc6+ {[%clk 01:34:27]} {[%emt 00:00:04]} Ke7 {[%clk
01:31:40]} {[%emt 00:00:12]} 13. Qxb5 {[%clk 01:34:52]} {[%emt 00:00:05]} Qd7
{[%clk 01:32:03]} {[%emt 00:00:07]} 14. Nxd5+ {[%clk 01:33:02]} {[%emt
00:02:20]} Qxd5 {[%clk 01:32:24]} {[%emt 00:00:10]} 15. Bg5+ {[%clk 01:32:27]}
{[%emt 00:01:04]} f6 {[%clk 01:32:44]} {[%emt 00:00:10]} 16. Qxd5 {[%clk
01:32:53]} {[%emt 00:00:05]} exd5 {[%clk 01:33:14]} {[%emt 00:00:01]} 17. Be3
{[%clk 01:33:12]} {[%emt 00:00:09]} Ke6 {[%clk 01:32:19]} {[%emt 00:01:25]} 18.
O-O-O {[%clk 01:32:18]} {[%emt 00:01:24]} Bb4 {[%clk 01:19:00]} {[%emt
00:13:49]} 19. Rhg1 {[%clk 01:15:25]} {[%emt 00:17:22]} g6 {[%clk 01:18:48]}
{[%emt 00:00:43]} 20. a3 {[%clk 01:14:37]} {[%emt 00:01:18]} Rhc8+ {[%clk
01:10:32]} {[%emt 00:08:46]} 21. Kb1 {[%clk 01:15:01]} {[%emt 00:00:06]} Bc5
{[%clk 01:10:26]} {[%emt 00:00:37]} 22. Rge1 {[%clk 01:15:13]} {[%emt
00:00:17]} Bxe3 {[%clk 01:05:06]} {[%emt 00:05:51]} 23. Rxe3+ {[%clk 01:15:38]}
{[%emt 00:00:05]} Kd6 {[%clk 01:05:32]} {[%emt 00:00:04]} 24. Rde1 {[%clk
01:16:01]} {[%emt 00:00:07]} Rc4 {[%clk 01:01:13]} {[%emt 00:04:50]} 25. Re6+
{[%clk 01:01:25]} {[%emt 00:15:05]} Kc5 {[%clk 01:01:38]} {[%emt 00:00:06]} 26.
Rxf6 {[%clk 01:01:22]} {[%emt 00:00:33]} Rh4 {[%clk 00:53:02]} {[%emt
00:09:06]} 27. b4+ {[%clk 00:53:31]} {[%emt 00:08:21]}  1/2-1/2

[Event "1st 4NCL Easter Congress"]
[Site "Stevenage"]
[Date "2019.04.22"]
[Round "6"]
[Board "5"]
[White "Isaakidis, Alexandros"]
[Black "Mccullough, Simon L"]
[Result "1-0"]
[WhiteElo "2173"]
[BlackElo "2083"]
[PlyCount "0"]
[EventDate "2019.04.19"]
[EventRounds "7"]
[EventCountry "ENG"]

1. e4 {[%clk 01:30:07]} {[%emt 00:00:52]} c5 {[%clk 01:30:55]} {[%emt
00:00:06]} 2. Nf3 {[%clk 01:30:32]} {[%emt 00:00:04]} e6 {[%clk 01:31:21]}
{[%emt 00:00:05]} 3. d4 {[%clk 01:30:57]} {[%emt 00:00:05]} cxd4 {[%clk
01:31:47]} {[%emt 00:00:04]} 4. Nxd4 {[%clk 01:31:21]} {[%emt 00:00:06]} Nf6
{[%clk 01:32:13]} {[%emt 00:00:04]} 5. Nc3 {[%clk 01:31:43]} {[%emt 00:00:07]}
Nc6 {[%clk 01:32:39]} {[%emt 00:00:04]} 6. a3 {[%clk 01:32:09]} {[%emt
00:00:05]} d5 {[%clk 01:32:32]} {[%emt 00:00:38]} 7. exd5 {[%clk 01:31:10]}
{[%emt 00:01:29]} exd5 {[%clk 01:32:43]} {[%emt 00:00:18]} 8. Bb5 {[%clk
01:29:31]} {[%emt 00:02:09]} Bd7 {[%clk 01:32:45]} {[%emt 00:00:29]} 9. O-O
{[%clk 01:29:45]} {[%emt 00:00:15]} Be7 {[%clk 01:31:40]} {[%emt 00:01:35]} 10.
Nf3 {[%clk 01:24:01]} {[%emt 00:06:14]} Be6 {[%clk 01:27:32]} {[%emt 00:04:38]}
11. Be3 {[%clk 01:11:52]} {[%emt 00:12:38]} O-O {[%clk 01:25:43]} {[%emt
00:02:19]} 12. Nd4 {[%clk 01:11:38]} {[%emt 00:00:44]} Qc7 {[%clk 01:15:44]}
{[%emt 00:10:30]} 13. Be2 {[%clk 01:09:38]} {[%emt 00:02:29]} a6 {[%clk
00:59:52]} {[%emt 00:16:22]} 14. Na4 {[%clk 00:55:06]} {[%emt 00:15:03]} Nxd4
{[%clk 00:51:49]} {[%emt 00:08:33]} 15. Bxd4 {[%clk 00:54:32]} {[%emt
00:01:03]} b5 {[%clk 00:52:10]} {[%emt 00:00:09]} 16. Nc3 {[%clk 00:54:39]}
{[%emt 00:00:23]} Ne4 {[%clk 00:52:13]} {[%emt 00:00:27]} 17. Bd3 {[%clk
00:53:13]} {[%emt 00:01:56]} Nxc3 {[%clk 00:42:54]} {[%emt 00:09:50]} 18. Bxc3
{[%clk 00:52:53]} {[%emt 00:00:50]} Qf4 {[%clk 00:42:58]} {[%emt 00:00:26]} 19.
g3 {[%clk 00:49:13]} {[%emt 00:04:10]} Qh6 {[%clk 00:28:07]} {[%emt 00:15:21]}
20. Qf3 {[%clk 00:46:54]} {[%emt 00:02:48]} Bc5 {[%clk 00:24:06]} {[%emt
00:04:32]} 21. Rad1 {[%clk 00:45:24]} {[%emt 00:02:00]} Qh3 {[%clk 00:23:27]}
{[%emt 00:01:09]} 22. Be2 {[%clk 00:40:24]} {[%emt 00:05:30]} Rad8 {[%clk
00:18:08]} {[%emt 00:05:50]} 23. Bd4 {[%clk 00:40:36]} {[%emt 00:00:17]} Bd6
{[%clk 00:17:53]} {[%emt 00:00:45]} 24. Qg2 {[%clk 00:35:11]} {[%emt 00:05:53]}
Qh6 {[%clk 00:15:53]} {[%emt 00:02:31]} 25. Rfe1 {[%clk 00:28:55]} {[%emt
00:06:45]} Rfe8 {[%clk 00:12:33]} {[%emt 00:03:51]} 26. Be3 {[%clk 00:27:58]}
{[%emt 00:01:26]} Qf6 {[%clk 00:10:29]} {[%emt 00:02:35]} 27. Bd4 {[%clk
00:24:37]} {[%emt 00:03:51]} Qh6 {[%clk 00:08:26]} {[%emt 00:02:33]} 28. Bb6
{[%clk 00:23:35]} {[%emt 00:01:32]} Rb8 {[%clk 00:06:04]} {[%emt 00:02:52]} 29.
Be3 {[%clk 00:23:25]} {[%emt 00:00:39]} Qf6 {[%clk 00:06:19]} {[%emt 00:00:16]}
30. c3 {[%clk 00:23:25]} {[%emt 00:00:30]} a5 {[%clk 00:05:13]} {[%emt
00:01:37]} 31. Bd4 {[%clk 00:22:51]} {[%emt 00:01:04]} Qh6 {[%clk 00:05:09]}
{[%emt 00:00:34]} 32. b4 {[%clk 00:22:06]} {[%emt 00:01:15]} axb4 {[%clk
00:05:19]} {[%emt 00:00:22]} 33. axb4 {[%clk 00:22:29]} {[%emt 00:00:07]} Red8
{[%clk 00:00:32]} {[%emt 00:05:17]} 34. h4 {[%clk 00:21:34]} {[%emt 00:01:24]}
Be7 {[%clk 00:00:33]} {[%emt 00:00:29]} 35. Qf1 {[%clk 00:18:10]} {[%emt
00:03:53]} Bd7 {[%clk 00:00:34]} {[%emt 00:00:30]} 36. Bf3 {[%clk 00:18:08]}
{[%emt 00:00:31]} Be6 {[%clk 00:00:53]} {[%emt 00:00:11]} 37. Be2 {[%clk
00:09:25]} {[%emt 00:09:13]} Bd7 {[%clk 00:01:18]} {[%emt 00:00:05]} 38. Ra1
{[%clk 00:07:39]} {[%emt 00:02:16]} Bf6 {[%clk 00:01:21]} {[%emt 00:00:27]} 39.
Ra6 {[%clk 00:07:47]} {[%emt 00:00:22]} Be6 {[%clk 00:01:17]} {[%emt 00:00:34]}
40. Rd1 {[%clk 00:05:28]} {[%emt 00:02:49]} Bxd4 {[%clk 00:01:19]} {[%emt
00:00:29]} 41. cxd4 {[%clk 00:05:15]} {[%emt 00:00:42]} Qf6 {[%clk 00:00:59]}
{[%emt 00:00:50]} 42. Bg4 {[%clk 00:04:09]} {[%emt 00:01:36]} Qe7 {[%clk
00:00:49]} {[%emt 00:00:41]} 43. Bxe6 {[%clk 00:04:04]} {[%emt 00:00:35]} fxe6
{[%clk 00:01:17]} {[%emt 00:00:02]} 44. Qe1 {[%clk 00:03:52]} {[%emt 00:00:42]}
Rd6 {[%clk 00:01:46]} {[%emt 00:00:02]} 45. Rda1 {[%clk 00:04:12]} {[%emt
00:00:10]} Re8 {[%clk 00:01:19]} {[%emt 00:00:56]} 46. Qe5 {[%clk 00:04:01]}
{[%emt 00:00:41]} Rxa6 {[%clk 00:01:03]} {[%emt 00:00:47]} 47. Rxa6 {[%clk
00:04:29]} Qxb4 {[%clk 00:00:44]} {[%emt 00:00:49]} 48. Rxe6 {[%clk 00:03:40]}
{[%emt 00:01:19]} Rxe6 {[%clk 00:00:35]} {[%emt 00:00:40]} 49. Qxe6+ {[%clk
00:04:05]} {[%emt 00:00:05]} Kf8 {[%clk 00:01:03]} {[%emt 00:00:02]} 50. Qf5+
{[%clk 00:03:23]} {[%emt 00:01:11]} Ke7 {[%clk 00:01:20]} {[%emt 00:00:14]} 51.
Qg5+ {[%clk 00:03:23]} {[%emt 00:00:30]} Kd6 {[%clk 00:00:43]} {[%emt
00:01:08]} 52. Qd8+ {[%clk 00:02:58]} {[%emt 00:00:54]} Kc6 {[%clk 00:00:33]}
{[%emt 00:00:40]} 53. Qa8+ {[%clk 00:02:04]} {[%emt 00:01:25]} Kb6 {[%clk
00:00:36]} {[%emt 00:00:26]} 54. Qb8+ {[%clk 00:01:48]} {[%emt 00:00:46]} Kc6
{[%clk 00:00:46]} {[%emt 00:00:21]} 55. Qc8+ {[%clk 00:01:52]} {[%emt
00:00:26]} Kb6 {[%clk 00:01:10]} {[%emt 00:00:05]} 56. Qe6+ {[%clk 00:02:13]}
{[%emt 00:00:08]} Ka5 {[%clk 00:01:09]} {[%emt 00:00:32]} 57. Qxd5 {[%clk
00:02:34]} {[%emt 00:00:08]} Qd2 {[%clk 00:00:50]} {[%emt 00:00:50]} 58. Qd8+
{[%clk 00:02:05]} {[%emt 00:00:59]} Kb4 {[%clk 00:01:07]} {[%emt 00:00:13]} 59.
d5 {[%clk 00:02:18]} {[%emt 00:00:16]} Qe1+ {[%clk 00:01:24]} {[%emt 00:00:13]}
60. Kg2 {[%clk 00:02:39]} {[%emt 00:00:07]} Qe4+ {[%clk 00:01:53]} {[%emt
00:00:03]} 61. Kh2 {[%clk 00:02:46]} {[%emt 00:00:22]} Qf5 {[%clk 00:01:28]}
{[%emt 00:00:55]} 62. Qd6+ {[%clk 00:02:20]} {[%emt 00:00:52]} Kc4 {[%clk
00:01:20]} {[%emt 00:00:42]} 63. Qc6+ {[%clk 00:02:10]} {[%emt 00:00:39]} Kb4
{[%clk 00:00:51]} {[%emt 00:01:00]} 64. f4 {[%clk 00:00:35]} {[%emt 00:02:05]}
Qd3 {[%clk 00:00:50]} {[%emt 00:00:31]} 65. d6 {[%clk 00:00:41]} {[%emt
00:00:24]} Qe2+ {[%clk 00:00:58]} {[%emt 00:00:22]} 66. Kh3 {[%clk 00:00:38]}
{[%emt 00:00:33]} Qe6+ {[%clk 00:01:17]} {[%emt 00:00:11]} 67. Kh2 {[%clk
00:00:40]} {[%emt 00:00:28]} Qe2+ {[%clk 00:01:45]} {[%emt 00:00:03]} 68. Qg2
{[%clk 00:00:49]} {[%emt 00:00:20]} Qd3 {[%clk 00:01:36]} {[%emt 00:00:38]} 69.
Qb2+ {[%clk 00:01:01]} {[%emt 00:00:19]} Kc5 {[%clk 00:01:46]} {[%emt
00:00:21]} 70. Qe5+ {[%clk 00:01:18]} {[%emt 00:00:09]} Kc6 {[%clk 00:02:07]}
{[%emt 00:00:13]} 71. Qe8+ {[%clk 00:01:17]} {[%emt 00:00:31]} Kd5 {[%clk
00:01:38]}  1-0

[Event "1st 4NCL Easter Congress"]
[Site "Stevenage"]
[Date "2019.04.22"]
[Round "6"]
[Board "6"]
[White "Buckley, Graeme N"]
[Black "Ratnesan, Ranesh"]
[Result "1-0"]
[WhiteElo "2332"]
[BlackElo "2116"]
[PlyCount "0"]
[EventDate "2019.04.19"]
[EventRounds "7"]
[EventCountry "ENG"]

1. e4 {[%clk 01:30:57]} {[%emt 00:00:02]} c5 {[%clk 01:30:52]} 2. Nf3 {[%clk
01:31:25]} {[%emt 00:00:11]} d6 {[%clk 01:31:13]} 3. Bb5+ {[%clk 01:31:51]}
{[%emt 00:00:13]} Nc6 {[%clk 01:31:31]} 4. O-O {[%clk 01:30:47]} {[%emt
00:01:45]} Bd7 {[%clk 01:31:41]} 5. c3 {[%clk 01:31:14]} {[%emt 00:00:25]} Nf6
{[%clk 01:31:36]} 6. Re1 {[%clk 01:31:41]} {[%emt 00:00:38]} a6 {[%clk
01:31:49]} 7. Ba4 {[%clk 01:32:08]} {[%emt 00:00:19]} b5 {[%clk 01:31:21]} 8.
Bc2 {[%clk 01:32:36]} {[%emt 00:01:00]} e5 {[%clk 01:31:09]} 9. h3 {[%clk
01:29:44]} {[%emt 00:04:04]} g5 {[%clk 01:28:41]} 10. Nh2 {[%clk 01:23:53]}
{[%emt 00:09:18]} Rg8 {[%clk 01:26:48]} 11. a4 {[%clk 01:20:15]} {[%emt
00:06:31]} Rb8 {[%clk 01:25:33]} 12. axb5 {[%clk 01:18:58]} {[%emt 00:03:32]}
axb5 {[%clk 01:25:56]} 13. Nf1 {[%clk 01:15:47]} {[%emt 00:03:47]} h5 {[%clk
01:19:46]} 14. d3 {[%clk 01:14:01]} {[%emt 00:08:57]} h4 {[%clk 01:18:34]} 15.
f3 {[%clk 01:01:10]} {[%emt 00:15:03]} Qc8 {[%clk 01:02:07]} 16. Qe2 {[%clk
00:55:35]} {[%emt 00:23:00]} Nh5 {[%clk 00:53:47]} 17. Nh2 {[%clk 00:55:18]}
{[%emt 00:09:38]} Nd8 {[%clk 00:45:38]} 18. Bb3 {[%clk 00:53:40]} {[%emt
00:10:48]} Ne6 {[%clk 00:45:01]} 19. Bxe6 {[%clk 00:53:59]} {[%emt 00:01:17]}
Bxe6 {[%clk 00:44:16]} 20. Ng4 {[%clk 00:54:17]} {[%emt 00:01:27]} Be7 {[%clk
00:39:25]} 21. Be3 {[%clk 00:52:48]} {[%emt 00:07:20]} Rb7 {[%clk 00:35:03]} 22.
Nd2 {[%clk 00:50:45]} {[%emt 00:07:25]} Kf8 {[%clk 00:34:28]} 23. Nf1 {[%clk
00:44:51]} {[%emt 00:07:29]} Kg7 {[%clk 00:32:52]} 24. Bc1 {[%clk 00:39:25]}
{[%emt 00:08:02]} f6 {[%clk 00:32:11]} 25. c4 {[%clk 00:36:56]} {[%emt
00:04:10]} Qc6 {[%clk 00:24:41]} 26. Nfe3 {[%clk 00:36:34]} {[%emt 00:08:52]}
Rgb8 {[%clk 00:23:54]} 27. Qc2 {[%clk 00:33:39]} {[%emt 00:04:42]} Bd8 {[%clk
00:23:20]} 28. Ra2 {[%clk 00:32:57]} {[%emt 00:02:15]} Rb6 {[%clk 00:20:52]} 29.
Nd5 {[%clk 00:32:57]} Ra6 {[%clk 00:20:52]} 30. Rxa6 {[%clk 00:32:57]} Qxa6
{[%clk 00:20:52]} 31. Nge3 {[%clk 00:32:57]} Ng3 {[%clk 00:20:52]} 32. Bd2
{[%clk 00:32:57]} b4 {[%clk 00:20:52]} 33. Kf2 {[%clk 00:32:57]} Ra8 {[%clk
00:20:52]} 34. Rb1 {[%clk 00:32:57]} Qa4 {[%clk 00:20:52]} 35. b3 {[%clk
00:32:57]} Qc6 {[%emt 00:36:14]} 36. Qb2 {[%clk 00:08:46]} Ra7 37. Ra1 {[%clk
00:08:46]} Qa8 {[%clk 00:18:00]} 38. Rxa7+ {[%clk 00:08:46]} Qxa7 {[%clk
00:18:00]} 39. Ke1 {[%clk 00:08:46]} Kf7 {[%clk 00:18:05]} {[%emt 00:05:04]} 40.
Kd1 {[%clk 00:07:45]} Ke8 {[%clk 00:18:05]} 41. Be1 {[%clk 00:07:45]} Nh5
{[%clk 00:18:05]} 42. Bf2 {[%clk 00:07:45]} Qa6 {[%clk 00:18:05]} 43. Kc2
{[%clk 00:07:45]} Kd7 {[%clk 00:18:05]} 44. Bg1 {[%clk 00:07:45]} Kc6 {[%clk
00:18:05]} 45. Bh2 {[%clk 00:07:45]} Qa7 {[%clk 00:18:05]} 46. Kb1 {[%clk
00:07:45]} Qa8 {[%clk 00:18:05]} 47. Qc1 {[%clk 00:07:45]} Qa7 {[%clk
00:18:05]} 48. Nc2 {[%clk 00:07:45]} Qb7 {[%clk 00:18:05]} 49. Qg1 {[%clk
00:07:45]} Qc8 {[%clk 00:18:05]} 50. Kb2 {[%clk 00:07:45]} Qa8 {[%clk
00:18:05]} 51. Qf2 {[%clk 00:07:45]} Qc8 {[%clk 00:18:05]} 52. Ndxb4+ {[%clk
00:07:45]} cxb4 {[%clk 00:18:05]} 53. Qa7 {[%clk 00:07:45]}  1-0

[Event "1st 4NCL Easter Congress"]
[Site "Stevenage"]
[Date "2019.04.22"]
[Round "6"]
[Board "7"]
[White "Chakanyuka, Charles"]
[Black "Derakhshani, Borna"]
[Result "0-1"]
[WhiteElo "2028"]
[BlackElo "2316"]
[PlyCount "0"]
[EventDate "2019.04.19"]
[EventRounds "7"]
[EventCountry "ENG"]

1. e4 {[%clk 01:29:41]} {[%emt 00:01:19]} c6 {[%clk 01:22:15]} {[%emt
00:08:43]} 2. d4 {[%clk 01:30:02]} {[%emt 00:00:12]} d5 {[%clk 01:22:40]}
{[%emt 00:00:04]} 3. e5 {[%clk 01:30:26]} {[%emt 00:00:06]} Bf5 {[%clk
01:23:07]} {[%emt 00:00:04]} 4. g4 {[%clk 01:30:50]} {[%emt 00:00:06]} Be4
{[%clk 01:21:43]} {[%emt 00:01:54]} 5. Nf3 {[%clk 01:31:06]} {[%emt 00:00:13]}
e6 {[%clk 01:21:43]} {[%emt 00:00:30]} 6. Nbd2 {[%clk 01:31:15]} {[%emt
00:00:21]} Bg6 {[%clk 01:21:48]} {[%emt 00:00:26]} 7. h4 {[%clk 01:29:44]}
{[%emt 00:02:01]} h5 {[%clk 01:22:12]} {[%emt 00:00:06]} 8. g5 {[%clk
01:29:53]} {[%emt 00:00:20]} Ne7 {[%clk 01:22:04]} {[%emt 00:00:39]} 9. Nb3
{[%clk 01:29:44]} {[%emt 00:00:38]} Nf5 {[%clk 01:19:48]} {[%emt 00:02:47]} 10.
Bd3 {[%clk 01:29:51]} {[%emt 00:00:22]} Nd7 {[%clk 01:19:07]} {[%emt 00:01:12]}
11. O-O {[%clk 01:27:44]} {[%emt 00:02:36]} Be7 {[%clk 01:13:18]} {[%emt
00:06:19]} 12. Re1 {[%clk 01:27:12]} {[%emt 00:01:01]} Rc8 {[%clk 01:09:41]}
{[%emt 00:04:09]} 13. Qe2 {[%clk 01:24:43]} {[%emt 00:02:49]} Qc7 {[%clk
01:05:31]} {[%emt 00:04:50]} 14. Nbd2 {[%clk 01:22:15]} {[%emt 00:02:54]} Qb6
{[%clk 01:02:42]} {[%emt 00:03:22]} 15. c4 {[%clk 01:15:04]} {[%emt 00:07:41]}
Nxd4 {[%clk 01:01:17]} {[%emt 00:01:55]} 16. Nxd4 {[%clk 01:15:20]} {[%emt
00:00:14]} Qxd4 {[%clk 01:01:30]} {[%emt 00:00:17]}  0-1

[Event "1st 4NCL Easter Congress"]
[Site "Stevenage"]
[Date "2019.04.22"]
[Round "6"]
[Board "8"]
[White "Britton, Richard"]
[Black "Royal, Shreyas"]
[Result "0-1"]
[WhiteElo "2181"]
[BlackElo "1943"]
[PlyCount "0"]
[EventDate "2019.04.19"]
[EventRounds "7"]
[EventCountry "ENG"]

1. e4 {[%clk 01:30:56]} {[%emt 00:00:03]} e5 {[%clk 01:29:25]} {[%emt
00:01:36]} 2. Nf3 {[%clk 01:31:20]} {[%emt 00:00:05]} Nc6 {[%clk 01:29:41]}
{[%emt 00:00:15]} 3. Bb5 {[%clk 01:31:44]} {[%emt 00:00:05]} a6 {[%clk
01:29:54]} {[%emt 00:00:17]} 4. Ba4 {[%clk 01:32:09]} {[%emt 00:00:05]} Nf6
{[%clk 01:29:54]} {[%emt 00:00:30]} 5. O-O {[%clk 01:32:33]} {[%emt 00:00:06]}
Be7 {[%clk 01:29:53]} {[%emt 00:00:31]} 6. Re1 {[%clk 01:32:56]} {[%emt
00:00:07]} b5 {[%clk 01:29:45]} {[%emt 00:00:39]} 7. Bb3 {[%clk 01:33:20]}
{[%emt 00:00:05]} d6 {[%clk 01:29:56]} {[%emt 00:00:20]} 8. c3 {[%clk
01:33:45]} {[%emt 00:00:05]} O-O {[%clk 01:29:54]} {[%emt 00:00:32]} 9. h3
{[%clk 01:34:11]} {[%emt 00:00:02]} Nb8 {[%clk 01:29:47]} {[%emt 00:00:38]} 10.
d4 {[%clk 01:34:34]} {[%emt 00:00:07]} Nbd7 {[%clk 01:29:53]} {[%emt 00:00:24]}
11. Nbd2 {[%clk 01:34:29]} {[%emt 00:00:35]} c5 {[%clk 01:26:56]} {[%emt
00:03:27]} 12. d5 {[%clk 01:29:41]} {[%emt 00:05:18]} c4 {[%clk 01:20:45]}
{[%emt 00:06:42]} 13. Bc2 {[%clk 01:30:06]} {[%emt 00:00:05]} Qc7 {[%clk
01:19:45]} {[%emt 00:01:30]} 14. a4 {[%clk 01:27:46]} {[%emt 00:02:50]} Rb8
{[%clk 01:15:21]} {[%emt 00:04:54]} 15. Nf1 {[%clk 01:19:17]} {[%emt 00:08:57]}
Nc5 {[%clk 01:13:49]} {[%emt 00:02:03]} 16. axb5 {[%clk 01:10:18]} {[%emt
00:09:29]} axb5 {[%clk 01:13:24]} {[%emt 00:00:55]} 17. g4 {[%clk 01:10:43]}
{[%emt 00:00:05]} Re8 {[%clk 01:08:11]} {[%emt 00:05:43]} 18. Ng3 {[%clk
01:10:49]} {[%emt 00:00:24]} Bf8 {[%clk 01:07:21]} {[%emt 00:01:19]} 19. Bg5
{[%clk 01:10:03]} {[%emt 00:01:17]} Nfd7 {[%clk 01:06:55]} {[%emt 00:00:56]} 20.
Qd2 {[%clk 01:06:24]} {[%emt 00:04:08]} Nb6 {[%clk 01:02:55]} {[%emt 00:04:31]}
21. Kh2 {[%clk 01:05:28]} {[%emt 00:01:26]} Bd7 {[%clk 01:02:17]} {[%emt
00:01:08]} 22. Rg1 {[%clk 01:00:04]} {[%emt 00:05:54]} Ra8 {[%clk 01:00:05]}
{[%emt 00:02:44]} 23. Rab1 {[%clk 00:59:35]} {[%emt 00:00:57]} Ra2 {[%clk
00:56:44]} {[%emt 00:03:51]} 24. Nh5 {[%clk 00:55:57]} {[%emt 00:04:07]} Rb8
{[%clk 00:56:14]} {[%emt 00:01:01]} 25. Bf6 {[%clk 00:31:20]} {[%emt 00:25:06]}
g6 {[%clk 00:46:20]} {[%emt 00:10:25]} 26. Be7 {[%clk 00:28:45]} {[%emt
00:03:05]} Bg7 {[%clk 00:37:14]} {[%emt 00:09:35]} 27. Nxg7 {[%clk 00:18:30]}
{[%emt 00:10:45]} Kxg7 {[%clk 00:37:30]} {[%emt 00:00:15]} 28. Qg5 {[%clk
00:18:52]} {[%emt 00:00:08]} Kg8 {[%clk 00:27:31]} {[%emt 00:10:30]} 29. Qf6
{[%clk 00:08:43]} {[%emt 00:10:38]} Nc8 {[%clk 00:25:46]} {[%emt 00:02:16]} 30.
Bd8 {[%clk 00:08:13]} {[%emt 00:00:59]} Qa7 {[%clk 00:26:12]} {[%emt 00:00:04]}
31. Ng5 {[%clk 00:07:19]} {[%emt 00:01:25]} Be8 {[%clk 00:26:16]} {[%emt
00:00:26]} 32. Nxh7 {[%clk 00:06:30]} {[%emt 00:01:18]} Nb7 {[%clk 00:22:53]}
{[%emt 00:03:53]} 33. Bc7 {[%clk 00:04:14]} {[%emt 00:02:46]} Kxh7 {[%clk
00:22:22]} {[%emt 00:01:01]} 34. g5 {[%clk 00:04:07]} {[%emt 00:00:36]} Kg8
{[%clk 00:20:37]} {[%emt 00:02:15]} 35. Rg4 {[%clk 00:04:31]} {[%emt 00:00:06]}
Kf8 {[%clk 00:20:47]} {[%emt 00:00:21]} 36. Rh4 {[%clk 00:04:52]} {[%emt
00:00:08]} Ne7 {[%clk 00:21:10]} {[%emt 00:00:08]} 37. Rh8+ {[%clk 00:04:26]}
{[%emt 00:00:56]} Ng8 {[%clk 00:21:27]} {[%emt 00:00:13]} 38. Bxd6+ {[%clk
00:04:49]} {[%emt 00:00:08]} Nxd6 {[%clk 00:21:50]} {[%emt 00:00:06]} 39. Qxd6+
{[%clk 00:04:58]} {[%emt 00:00:20]} Kg7 {[%clk 00:20:05]} {[%emt 00:02:15]} 40.
Qxe5+ {[%clk 00:05:22]} {[%emt 00:00:06]} f6 {[%clk 00:19:11]} {[%emt
00:01:25]} 41. gxf6+ {[%clk 00:02:00]} {[%emt 00:03:53]} Nxf6 {[%clk 00:19:31]}
{[%emt 00:02:38]} 42. Rg1 {[%clk 00:02:22]} Kxh8 {[%clk 00:19:13]} 43. Qxf6+
{[%clk 00:02:42]} Qg7 {[%clk 00:19:24]} 44. Qh4+ {[%clk 00:03:05]} Kg8 {[%clk
00:19:38]} 45. Qf4 {[%clk 00:02:54]} Rb7 {[%clk 00:18:37]} {[%emt 00:01:31]} 46.
e5 {[%clk 00:00:55]} {[%emt 00:02:29]} Rf7 {[%clk 00:18:34]} {[%emt 00:00:32]}
47. Qe4 {[%clk 00:01:20]} {[%emt 00:00:06]} Rxf2+ {[%clk 00:18:34]} {[%emt
00:00:30]} 48. Kg3 {[%clk 00:00:38]} {[%emt 00:01:12]} Rf5 {[%clk 00:18:15]}
{[%emt 00:00:49]} 49. Re1 {[%clk 00:00:32]} {[%emt 00:00:36]} Qh6 {[%clk
00:17:03]} {[%emt 00:01:42]} 50. d6 {[%emt 00:00:29]} Qg5+ {[%clk 00:15:11]}
{[%emt 00:02:21]} 51. Kh2 {[%clk 00:00:35]} {[%emt 00:00:29]} Rf2+ {[%clk
00:14:52]} {[%emt 00:00:49]} 52. Kh1 {[%clk 00:00:59]} {[%emt 00:00:06]} Qg3
{[%clk 00:14:54]} {[%emt 00:00:28]}  0-1